000 00282nam a22001217a 4500
008 170918b xxu||||| |||| 00| 0 eng d
041 _aeng
080 _a7
100 _a44
101 _aART
245 _aTHE DEVELOPING PERSON THROUGH THE LIFE SPAN
_cBERGER, K.S
942 _2udc
_cBK
999 _c28097
_d28097